000 00258cam a22000977a 4500
008 180718b1986 xxu||||| |||| 00| 0 eng d
082 _aY4x54 In2for/1
245 _aIndian forest utilization
260 _aDelhi
_bManager of Publications
_c1986
300 _a360+p.
999 _c499193
_d499193